El precipicio / (Registro nro. 9702)
[ vista simple ]
| 000 -LIDER | |
|---|---|
| fixed length control field | 00924ncm a2200385 c 4500 |
| 001 - NÚMERO DE CONTROL | |
| Identificador de número de control | 5330405 |
| 003 - IDENTIFICACDOR DE NÚMERO DE CONTROL | |
| control field | DO-SdBNP |
| 005 - DATE AND TIME OF LATEST TRANSACTION | |
| control field | 20180220155158.0 |
| 007 - CAMPOS FIJOS DE DESCRIPCIÓN FÍSICA | |
| fixed length control field | 5330405 |
| 008 - ELEMENTOS DE LONGITUD FIJA | |
| fixed length control field | 130227s1923 sp a nn spa |
| 015 ## - NÚMERO DENTRO DE LA BIBLIOGRAFÍA NACIONAL | |
| National bibliography number | |
| 017 ## - NÚMERO DE REGISTRO DE DERECHOS DE AUTOR | |
| Copyright or legal deposit number | |
| Assigning agency | |
| 020 ## - ISBN | |
| International Standard Book Number | 8434820471 |
| 035 ## - NÚMERO LOCAL | |
| System control number | |
| 040 ## - FUENTE DE CATALOGACIÓN | |
| Agencia que crea de manera original el registro | BPMSU |
| Idioma de catalogación | spa |
| Agencia que realiza la transcripción | BPMSU |
| Convenciones de la despripción | |
| 084 ## - OTRO NÚMERO DE CLASIFICACIÓN | |
| Classification number | |
| Number source | |
| 100 1# - ASIENTO PRINCIPAL -- NOMBRE PERSONAL | |
| Nombre personal | El precipicio |
| 245 03 - MENCIÓN DE TITULO | |
| Título | El precipicio / |
| Mención de responsabilidad | Jan Terlouw ; ilustraciones Antonio Tello |
| 250 ## - MENCIÓN DE EDICION | |
| Mención de edición | 6a. ed. |
| 260 ## - PUBLICACIÓN, DISTRIBUCIÓN, ETC. (PIE DE IMPRENTA) | |
| Lugar de publicación, distribución, etc | Madrid : |
| Nombre del editor, distribuidor, etc. | Ediciones SM, |
| Fecha de publicación, distribución, etc | 1993 |
| 300 ## - DESCRIPCIÓN FÍSICA | |
| Extensión | 213 p. : |
| Dimensiones | 21 cm. |
| 336 ## - CONTENT TYPE | |
| Content type term | |
| Source | |
| 337 ## - MEDIA TYPE | |
| Media type term | sin mediación |
| Source | isbdmedia |
| 490 ## - MENCIÓN DE SERIES | |
| Mención de serie | El barco de vapor |
| Volume/sequential designation | 36 |
| 500 ## - NOTA GENERAL | |
| Nota general | |
| 650 #7 - ENCABEZAMIENTO DE MATERIA--TEMÁTICO | |
| Término temático o nombre geográfico como elemento de entrada | |
| Fuente del encabezamiento o término | |
| 700 1# - ASIENTO SECUNDARIO -- NOMBRE PERSONAL | |
| Nombre personal | Tello, Antonio |
| Mención de responsabilidad | il. |
| 700 1# - ASIENTO SECUNDARIO -- NOMBRE PERSONAL | |
| Nombre personal | |
| 700 1# - ASIENTO SECUNDARIO -- NOMBRE PERSONAL | |
| Nombre personal | |
| 700 1# - ASIENTO SECUNDARIO -- NOMBRE PERSONAL | |
| Nombre personal | |
| 830 ## - ASIENTO SECUNDARIO DE SERIE--TÍTULO UNIFORME | |
| Título uniforme | El barco de vapor |
| Volume number/sequential designation | 36 |
| 942 ## - ADDED ENTRY ELEMENTS (KOHA) | |
| Source of classification or shelving scheme | Dewey Decimal Classification |
| Koha item type | Libros |
| 945 ## - INFORMACIÓN DE PROCESAMIENTO LOCAL | |
| Información de procesamiento local | Inventariado, 2018/ YL |
| 956 ## - LOCAL ELECTRONIC LOCATION AND ACCESS (OCLC) | |
| Nombre de host | VMATEO |
| Método de acceso | 10 |
| Materiales especificados | 20160412 |
| Withdrawn status | Lost status | Source of classification or shelving scheme | Damaged status | Not for loan | Collection code | Home library | Current library | Date acquired | Source of acquisition | Total Checkouts | Barcode | Date last seen | Price effective from | Koha item type |
|---|---|---|---|---|---|---|---|---|---|---|---|---|---|---|
| Dewey Decimal Classification | Colección Infantil General | Biblioteca Pública Metropolitana Salomé Ureña | Biblioteca Pública Metropolitana Salomé Ureña | 04/12/2016 | FUNDI | BPMSU16040343 | 04/12/2016 | 04/12/2016 | Libros |